Best Passports to Hold Quiz Stats

 Plays Quiz Updated Nov 6, 2018

Challenge
Share
Tweet
Embed
Score 0/25 Timer 05:00
0 Plays Today
Rank Country % Correct
4USA
98.8%
11France
94.9%
1UK
94.6%
11Canada
93.9%
4Germany
93.8%
11Spain
91.5%
8Italy
90.3%
1Sweden
88%
21Australia
86.3%
11Norway
84.6%
18Switzerland
84.3%
11Japan
84.2%
1Finland
82.1%
Rank Country % Correct
11Portugal
80.6%
4Denmark
79.4%
8Netherlands
74.8%
11Ireland
74.7%
18New Zealand
73.7%
18Austria
73.1%
8Belgium
72.4%
21Greece
69.9%
25Iceland
62.7%
4Luxembourg
58.4%
24South Korea
54.4%
21Singapore
31.4%

You're not logged in!

Compare scores with friends on all Sporcle quizzes.
OR
Log In

You Might Also Like...

Show Comments

Extras

Top Quizzes Today


Score Distribution

Your Account Isn't Verified!

In order to create a playlist on Sporcle, you need to verify the email address you used during registration. Go to your Sporcle Settings to finish the process.

Report this User

Report this user for behavior that violates our Community Guidelines.

Details: